Principy operačních systémů

Gespeichert in:
Bibliographische Detailangaben
1. Verfasser: Hansen, Per Brinch (Verfasst von)
Format: Buch
Sprache:Tschechisch
Veröffentlicht: Praha : SNTL, 1979
Ausgabe:Z angl. prel. H.Fendrychová, F.Plášil, V.Račanský
Tags: Tag hinzufügen
Keine Tags, Fügen Sie das erste Tag hinzu!

MARC

LEADER 00000nam a22000003a 4500
001 stu25311
005 20150617225745.8
008 980331s1979------------------------cze-d
040 |a STU  |b slo 
041 0 |a cze 
080 |a 681.3.066 
100 1 |a Hansen, Per Brinch  |4 aut 
245 1 |a Principy operačních systémů 
250 |a Z angl. prel. H.Fendrychová, F.Plášil, V.Račanský 
260 |a Praha :  |b SNTL,  |c 1979 
300 |a 354 s 
996 |b 284EK06052  |c E*44346  |l EE0101  |s P  |a 0  |w stu25311_0001 
996 |b 284EK06290  |c E*44389  |l EE01  |s A  |a 24  |w stu25311_0002 
996 |c I*9OP2538  |l I  |s A  |a 24  |w stu25311_0005 
996 |c I*9OP2537  |l I  |s A  |a 24  |w stu25311_0006 
996 |c I*9OP2536  |l I  |s A  |a 24  |w stu25311_0007 
996 |c I*9OP2539  |l I  |s A  |a 24  |w stu25311_0008